| 000 | 00749nam a22001937a 4500 | ||
|---|---|---|---|
| 003 | OSt | ||
| 005 | 20240528104520.0 | ||
| 008 | 240523b ||||| |||| 00| 0 eng d | ||
| 040 | _cAIMIT LIBRARY | ||
| 100 |
_aDias, Fristen Albert _e2016046 _9166939 |
||
| 245 |
_aPsychological ownership subjective wellbeing happiness at work and its effect on organisational commitment / _cBy Fristen Albert Dias ; Guided by Justine James. |
||
| 260 |
_aShirali ; _c2022. |
||
| 650 |
_aIndustry profile company profile and introduction to study _9168142 |
||
| 650 |
_aResearch methodology _9168143 |
||
| 650 |
_aData analysis and interpretation _9168144 |
||
| 700 |
_aJames, Justine. _9166940 _eGuide |
||
| 856 | _3Ganesh Soaps and Detergents | ||
| 942 |
_2ddc _cPRO |
||
| 999 |
_c230875 _d230875 |
||